000
00328nam a22001457a 4500
008
221114b ||||| |||| 00| 0 eng d
020
_a
674461754
041
_a
eng
080
_2
VOLUME II
_a
51
082
_a
51KOY
100
_a
18.1
101
_a
MATE
245
_a
PHILOSOPHIAE NATURALIS
_c
ISAAC NEWTON'S
942
_2
udc
_c
BK
999
_c
58879
_d
58879